000
00329nam a2200145Ia 4500
008
230605s1989 xx 000 0 und d
041
_a
eng
100
_a
Elliot Rosek
245
_a
Zodiac Cook Book
260
_b
pyramid books
_c
1989
300
_a
144p
520
_a
Hard Board
520
_a
Reference Copy
650
_a
F.Pro
999
_c
419676
_d
419676